00646nam a2200193Ia 450000500170000000800410001702000230005804100120008108200110009310000220010424500480012625000080017426000470018250000150022965000330024494200070027795201490028499900190043320240823033147.0240823s9999||||xx |||||||||||||| ||und|| a978-93-5024-664-41 aENGLISH A547 Q0 aGurdeep R Chatwal 0aOrganic Chemistry of Natural Products Vol I a1st c2010b"Himalaya Publishing House, Bombay," aTRANSFERED aorganic chemistrybChemistry cBK 00104070aNICHELIBbNICHELIBcChemistryd2013-04-02eHigginbothams Private Ltdg350.00l0o547 Q0p46902r2024-08-23 03:31:47w2024-08-23yBK c195155d195155